Philippine medical technology laws and bioethics / (Record no. 356011)
[ view plain ]
| 000 -LEADER | |
|---|---|
| fixed length control field | 00418nam a2200145Ia 4500 |
| 003 - CONTROL NUMBER IDENTIFIER | |
| control field | sslc |
| 005 - DATE AND TIME OF LATEST TRANSACTION | |
| control field | 20180220144053.0 |
| 008 - FIXED-LENGTH DATA ELEMENTS--GENERAL INFORMATION | |
| fixed length control field | 180219s9999 xx 000 0 und d |
| 020 ## - INTERNATIONAL STANDARD BOOK NUMBER | |
| International Standard Book Number | 9789719806264 |
| 100 ## - MAIN ENTRY--PERSONAL NAME | |
| Personal name | Suba, Sally C. |
| 245 ## - TITLE STATEMENT | |
| Statement of responsibility, etc | De-Jesus Milanez Giovanni |
| Title | Philippine medical technology laws and bioethics / |
| 260 ## - PUBLICATION, DISTRIBUTION, ETC. (IMPRINT) | |
| Place of publication, distribution, etc | quezon City : |
| Name of publisher, distributor, etc | C & E publishing |
| Date of publication, distribution, etc | 2017 |
| 300 ## - PHYSICAL DESCRIPTION | |
| Extent | v, 399 pages |
| 942 ## - ADDED ENTRY ELEMENTS (KOHA) | |
| Source of classification or shelving scheme | Library of Congress Classification |
| Koha item type | Books |
| Withdrawn status | Lost status | Source of classification or shelving scheme | Damaged status | Home library | Current library | Shelving location | Date acquired | Source of acquisition | Total Checkouts | Total Renewals | Full call number | Barcode | Date last seen | Date checked out | Price effective from | Koha item type |
|---|---|---|---|---|---|---|---|---|---|---|---|---|---|---|---|---|
| Library of Congress Classification | South SEED-LPDH College Library | South SEED-LPDH College Library | South SEED-LPDH College Section | 02/19/2018 | Library Fund | 1 | 2 | KF 3821 .Su83 2017 | SSLC1671 | 12/05/2019 | 11/26/2019 | 02/19/2018 | Books |